Nghệ thuật viết truyện ngắn và ký

Guardat en:
Dades bibliogràfiques
Autor principal: Tạ, Duy Anh
Format: Llibre
Idioma:Undetermined
Publicat: Hà Nội Thanh Niên 2000
Matèries:
Etiquetes: Afegir etiqueta
Sense etiquetes, Sigues el primer a etiquetar aquest registre!
Thư viện lưu trữ: Trung tâm Học liệu Trường Đại học Cần Thơ
LEADER 00605nam a2200205Ia 4500
001 CTU_38290
008 210402s9999 xx 000 0 und d
020 |b 25.000đ 
020 |c 25000 
082 |a 808.3 
082 |b A107 
100 |a Tạ, Duy Anh 
245 0 |a Nghệ thuật viết truyện ngắn và ký 
260 |a Hà Nội 
260 |b Thanh Niên 
260 |c 2000 
650 |a Fiction, theory of,Rhetoric,Vietnamese literature 
650 |x History and criticism 
904 |i Minh, Q. Hiếu (sửa) 
980 |a Trung tâm Học liệu Trường Đại học Cần Thơ